| 000 | 00833nam a22002177a 4500 | ||
|---|---|---|---|
| 005 | 20100805144659.0 | ||
| 010 | _aENG-98417 | ||
| 020 |
_c45.00 _a9788123753195 |
||
| 035 | _aEN-81950 | ||
| 037 | _bDBAD/PUB | ||
| 082 | _a305.43630954 | ||
| 100 |
_aKrishanaraj, Maithreyi _97118 |
||
| 245 |
_aWomen farmers of India / _cby MaithreyiKrishnaraj [and] Aruna Kanchi |
||
| 260 |
_aNew Delhi _bNational Book Trust _c2008 |
||
| 270 |
_aPlot No. 5, Institutional Area Phase-II, Vasant Kunj _bNew Delhi _e110070 |
||
| 300 |
_a161 p. _b22cm (Pbk) |
||
| 500 | _aIncludes bibliographical references and index | ||
| 700 |
_96809 _aKanchi, Aruna |
||
| 942 |
_2ddc _cEN _h305.43630954 _mKRI |
||
| 999 |
_c39536 _d39536 |
||